Prehistoric Rock Art of India / (Record no. 207453)

MARC details
000 -LEADER
fixed length control field 00585nam a22002057a 4500
005 - DATE AND TIME OF LATEST TRANSACTION
control field 20241205172836.0
010 ## - LCCN (DPL NO)
LC control number ENG-142866
020 ## - INTERNATIONAL STANDARD BOOK NUMBER
Terms of availability 1500.00
International Standard Book Number 9789392595035
035 ## - SYSTEM CONTROL NUMBER
System control number EN-126398
037 ## - SOURCE OF ACQUISITION
Source of stock number/acquisition DBAD
082 ## - DEWEY DECIMAL CLASSIFICATION NUMBER
Classification number 709.011
100 ## - MAIN ENTRY--PERSONAL NAME
Personal name Sharma, Lalita
245 ## - TITLE STATEMENT
Title Prehistoric Rock Art of India /
Statement of responsibility, etc by Lalita Sharma
250 ## - EDITION STATEMENT
Edition statement 1
260 ## - PUBLICATION, DISTRIBUTION, ETC. (IMPRINT)
Place of publication, distribution, etc New Delhi
Name of publisher, distributor, etc Rishabh Books
Date of publication, distribution, etc 2022
270 ## - ADDRESS
Address 4575/15,,Ansari Road,Daryaganj,
City New Delhi
Postal code 110002
300 ## - PHYSICAL DESCRIPTION
Extent 288p.
Dimensions 23cm(Hb)
500 ## - GENERAL NOTE
General note It includes index
942 ## - ADDED ENTRY ELEMENTS (KOHA)
Source of classification or shelving scheme Dewey Decimal Classification
Item type English Books
Call number suffix SHA
Classification part 709.011
Holdings
Withdrawn status Lost status Not for loan Collection code Home library Current library Date acquired Source of acquisition Cost, normal purchase price Full call number Barcode Copy number Cost, replacement price Koha item type
      Non-fiction R.K.Puram-8 R.K.Puram-8 05/12/2024 Delivery of Books Act Division 1500.00 SHA 709.011 EN-126398 1 1500.00 English Books

© Delhi Public Library
Hit Counter
free hit counter